Sports Quiz

Random Sports or Country Quiz

Run Scorers Test Cricket Quiz Stats

 Plays Quiz Updated Aug 16, 2019

Score 0/65 Timer 10:00
2 Plays Today
Year Player % Correct
1999Sachin Tendulkar
87.6%
2003Ricky Ponting
86.9%
2005Ricky Ponting
86.9%
1995Brian Lara
81.1%
2008Graeme Smith
77.3%
2001Matthew Hayden
74.3%
1946Don Bradman
72.9%
1948Don Bradman
72.9%
2007Jacques Kallis
71.1%
1976Viv Richards
69.7%
1988Viv Richards
69.7%
1990Graham Gooch
66.7%
1991Graham Gooch
66.7%
2004Justin Langer
61.8%
1982Ian Botham
61.4%
1994Mike Atherton
59%
2002Michael Vaughan
58.2%
1985Allan Border
56.4%
1986David Gower
55.7%
1971Sunil Gavaskar
54.9%
1978Sunil Gavaskar
54.9%
1979Sunil Gavaskar
54.9%
1983Sunil Gavaskar
54.9%
1996Alec Stewart
54.6%
1998Alec Stewart
54.6%
1981Geoff Boycott
53.2%
1958Garry Sobers
52.2%
1960Garry Sobers
52.2%
1966Garry Sobers
52.2%
1997Sanath Jayasuriya
43.9%
1989Mark Taylor
43.7%
2006Mohammad Yousuf
41.9%
1992David Boon
39.6%
Year Player % Correct
1993David Boon
39.6%
1984Gordon Greenidge
38.6%
1949Len Hutton
36.8%
1951Len Hutton
36.8%
1977Greg Chappell
35.3%
1980Greg Chappell
35.3%
2010Virender Sehwag
35.3%
1975Ian Chappell
35.2%
1957Colin Cowdrey
29.4%
1947Denis Compton
28.7%
1954Denis Compton
28.5%
2000Inzamam-ul-Haq
23.8%
1961Ken Barrington
23.2%
1963Ken Barrington
23.2%
1965Ken Barrington
23.2%
1967Ken Barrington
23.2%
1968John Edrich
21.8%
1955Clyde Walcott
17.7%
1956Peter Richardson
16.7%
1964Bob Simpson
16.5%
1974Dennis Amiss
15.9%
1950Neil Harvey
15.8%
1953Neil Harvey
15.8%
1972Glenn Turner
15.5%
1962Ted Dexter
15%
1987Dilip Vengsarkar
13.4%
1969Doug Walters
11.2%
2009Thilan Samaraweera
11.2%
1973Keith Fletcher
9.4%
1970Ian Redpath
8.4%
1952Vijay Hazare
7%
1959Colin McDonald
4.1%

You're not logged in!

Compare scores with friends on all Sporcle quizzes.
OR
Log In

Sporcle TV

Today on Sporcle TV


Watch our educational content, quiz creation guides, and fun videos on Sporcle TV.

Show Comments

Extras

Top Quizzes Today


Score Distribution

Your Account Isn't Verified!

In order to create a playlist on Sporcle, you need to verify the email address you used during registration. Go to your Sporcle Settings to finish the process.

Report this User

Report this user for behavior that violates our Community Guidelines.

Details: